[Event "EICC 2017"]
[Site "Minsk"]
[Date "2017.06.09"]
[Round "10"]
[White "Mista, Aleksander"]
[Black "Iljiushenok, Ilia"]
[Result "1-0"]
[WhiteElo "2606"]
[BlackElo "2489"]
[Annotator "TA"]
[PlyCount "59"]
[EventDate "2017.??.??"]
[EventCountry "BLR"]
[SourceTitle "playchess.com"]
[Source "ChessBase"]
[SourceQuality "1"]

{[%evp 13,59,14,46,43,43,39,33,36,44,49,40,25,48,0,0,0,0,0,0,0,0,-18,0,0,118,114,166,173,161,124,125,137,126,126,115,129,147,114,132,116,336,345,595,616,659,622,954,935]} 1. e4 c5 2. Nf3 e6 3. d4 cxd4 4. Nxd4 Nc6 5. Nc3 Qc7 6. Be2 a6 7. O-O Bc5 8. Be3 {Threatens to win with Ndb5. B47: Sicilian: Taimanov: 5 Nc3 Qc7 6 f4, 6 g3 and 6 Be2} d6 9. Qd2 Nf6 10. Rad1 {White is slightly better.} Bd7 11. Nb3 Bxe3 12. Qxe3 O-O 13. Qg3 (13. Qd2 Ne8 14. f4 b5 15. Bf3 Rd8 {½-½ (54) Kravtsiv,M (2621)-Morozevich,A (2711) Berlin 2015}) 13... Ne5 14. f4 {[%cal Bf2f4,Bf4f5,Bf5e6][%mdl 32]} Ng6 15. Qd3 $146 ({Predecessor:} 15. h4 h6 {1-0 (98) Bodnaruk,A (2463)-Galliamova,A (2450) Novosibirsk 2016}) 15... Bb5 $1 {[%cal Rb5d3]} 16. Nxb5 axb5 17. a3 Ra4 (17... e5 $5 {[%cal Rg6f4]} 18. g3 (18. Qxd6 Qxc2 19. Qd3 Qxb2 $17) 18... exf4 $11) 18. f5 Ne5 (18... exf5 $1 $11 {remains equal.} 19. exf5 Nf4 20. Qxb5 Nxe2+ 21. Qxe2 Re4) 19. Qxd6 $16 Qxc2 (19... Qxd6 $16 {is a better defense.} 20. Rxd6 Nxe4) 20. Nd4 $18 Qxe4 {White must now prevent ...Qe3+.} 21. fxe6 {Hoping for e7.} Ra6 22. Qe7 Raa8 23. Bxb5 {Strongly threatening Rfe1.} Qe3+ 24. Kh1 {aiming for Nf5.} Neg4 25. Nf5 (25. Qxb7 fxe6 26. Qc6 Rad8 $17) 25... Qxe6 {[#]} 26. h3 $1 $40 {[%cal Rh3g4][%mdl 128] White goes for the king.} Qb6 $2 {[#]} (26... Qe5 $16 27. hxg4 Qxb5) 27. Qe2 $1 ({Weaker is} 27. hxg4 Qxb5 28. Nxg7 Qxb2 $16) 27... Nh6 $2 (27... Rae8 28. Bxe8 Rxe8) 28. Nxh6+ {White is clearly winning.} ({Not} 28. Rd6 Nxf5 29. Rxb6 Ng3+ 30. Kh2 Nxe2 $16) 28... gxh6 29. Qe5 Ne8 30. Rf3 {Precision: White = 92%, Black = 68%.} 1-0

[Event "EICC 2017"]
[Site "Minsk"]
[Date "2017.06.09"]
[Round "10"]
[White "Fridman, Daniel"]
[Black "Areshchenko, Alexander"]
[Result "1/2-1/2"]
[WhiteElo "2605"]
[BlackElo "2677"]
[Annotator "TA"]
[PlyCount "44"]
[EventDate "2017.??.??"]
[EventCountry "BLR"]
[SourceTitle "playchess.com"]
[Source "ChessBase"]
[SourceQuality "1"]

{[%evp 29,40,6,18,0,0,0,0,0,0,0,0,0,0]} 1. Nf3 Nf6 2. d4 g6 3. c4 Bg7 4. g3 c6 5. Bg2 d5 6. cxd5 cxd5 7. Nc3 Ne4 8. Nxe4 dxe4 9. Ne5 Nd7 10. Nxd7 Qxd7 11. Bxe4 Qxd4 12. Qxd4 Bxd4 13. O-O O-O 14. Rd1 {D79: Fianchetto Grünfeld: Symmetrical Variation (6 0-0 c6 7 cxd5 cxd5)} Bg7 15. Be3 Be6 {LiveBook: 3 Games. The position is equal.} 16. Bd4 Rfd8 17. Bxg7 Kxg7 18. Bxb7 Rxd1+ 19. Rxd1 Rb8 20. Bd5 Bxd5 {Predecessor:} 21. Rxd5 $146 Rxb2 22. Ra5 Rxe2 {½-½ (22) Grabarczyk,M (2442)-Areshchenko,A (2661) Germany 2016} 1/2-1/2

[Event "EICC 2017"]
[Site "Minsk"]
[Date "2017.06.09"]
[Round "10"]
[White "Oparin, Grigoriy"]
[Black "Ali Marandi, Cemil Can"]
[Result "1/2-1/2"]
[WhiteElo "2604"]
[BlackElo "2479"]
[Annotator "TA"]
[PlyCount "90"]
[EventDate "2017.??.??"]
[EventCountry "BLR"]
[SourceTitle "playchess.com"]
[Source "ChessBase"]
[SourceQuality "1"]

{[%evp 13,90,22,22,18,22,16,25,27,43,0,32,0,25,11,11,-27,25,36,38,28,61,47,58,34,42,44,67,5,5,6,12,14,7,7,0,0,0,0,0,-18,-19,-14,21,21,21,20,21,20,20,20,20,20,57,53,20,20,20,20,20,20,20,20,20,20,20,20,20,20,28,28,28,28,35,35,35,35,35,0,13]} 1. e4 e5 2. Nf3 Nc6 3. Bc4 Bc5 4. c3 Nf6 5. d3 a6 6. O-O d6 7. a4 O-O 8. h3 {C54: Giuoco Piano: 4 c3 Nf6, main lines with 5 d4 and 5 d3} (8. Re1 Ba7 9. h3 h6 10. Nbd2 Be6 11. b4 Re8 12. Bxe6 Rxe6 13. Qc2 d5 14. Nb3 Ne7 15. exd5 Qxd5 {½-½ (45) Fressinet,L (2662)-Amin,B (2660) Sharjah 2017}) 8... h6 9. Re1 (9. b4 $5 {[%cal Rb4c5]} Bb6 10. Nbd2 $11) 9... Re8 10. Nbd2 {White has an edge.} Ba7 11. Bb3 Be6 12. Bc2 Qd7 13. Nf1 d5 14. Qe2 Rad8 $146 (14... a5 $142) ({Predecessor:} 14... d4 15. c4 Qd6 {1-0 (41) Manakova,M (2304)-Paramentic,M (1930) Valjevo 2012}) 15. a5 $11 Qd6 16. Ng3 Ne7 17. exd5 Bxd5 18. Nxe5 Nc6 {[%cal Re8e5]} 19. Bf4 $1 {[#] Strongly threatening d4.} Bxg2 $1 20. Kxg2 (20. d4 $14 Qd5 21. Nf5 Bxh3 22. Ne3) 20... Nd5 $132 {[%mdl 2048] Black is not keeping still} 21. Qe4 Nxf4+ 22. Qxf4 Nxe5 23. d4 {[%cal Re1e5]} Qc6+ 24. f3 Ng6 $1 {[%cal Rg6f4]} 25. Bxg6 Qxg6 26. Qf5 Qxf5 27. Nxf5 Re6 28. b4 Rde8 29. Rxe6 Rxe6 {[%mdl 4096] Endgame KRB-KRN} 30. Kf2 Kf8 31. Ng3 c6 32. Ne4 f5 33. Nc5 Re7 34. Re1 Bxc5 35. bxc5 Rxe1 36. Kxe1 {KP-KP} g5 $1 37. h4 Kf7 (37... gxh4 $2 38. Kf2 $18) 38. c4 Ke6 (38... gxh4 $2 39. Kf2 $18) 39. Ke2 Kf6 (39... gxh4 $2 40. Kf2 $18) 40. Ke3 Ke6 (40... gxh4 $2 41. Kf2 $18) 41. Kd3 Kf6 ({Not} 41... gxh4 $2 42. Ke3 $18) 42. d5 {[#] Black must now prevent hxg5+.} Kf7 ({Wrong is} 42... gxh4 $2 43. Ke3 $18) 43. Ke3 Ke7 44. Kd4 {aiming for hxg5.} Kf6 $1 ({But not} 44... gxh4 $2 45. Ke3 $18) 45. h5 f4 {Precision: White = 72%, Black = 65%.} 1/2-1/2

[Event "EICC 2017"]
[Site "Minsk"]
[Date "2017.06.09"]
[Round "10"]
[White "Gledura, Benjamin"]
[Black "Hamitevici, Vladimir"]
[Result "1/2-1/2"]
[WhiteElo "2602"]
[BlackElo "2490"]
[Annotator "TA"]
[PlyCount "121"]
[EventDate "2017.??.??"]
[EventCountry "BLR"]
[SourceTitle "playchess.com"]
[Source "ChessBase"]
[SourceQuality "1"]

{[%evp 18,121,28,-22,18,4,10,15,45,37,52,55,41,55,47,36,60,79,84,55,55,63,71,35,107,93,118,57,74,58,83,31,22,25,27,0,20,16,61,0,0,0,0,0,51,12,51,-4,-7,-10,-6,-2,-4,-99,-93,-172,-159,-160,0,-131,0,-102,-114,-106,-113,-91,-89,-89,-89,-90,-104,-104,-94,-100,-116,-116,-116,-141,-139,-195,-106,-115,-114,-129,-106,-279,-262,-296,-292,-286,-264,-557,-549,-391,-430,-768,0,-258,0,-634,0,-27,0,-339,0,0]} 1. d4 Nf6 2. Nf3 b6 3. g3 Bb7 4. Bg2 g6 5. c4 Bg7 6. O-O O-O 7. Qc2 c5 {A50: Queen's Fianchetto Defence (1 d4 Nf6 2 c4 b6)} (7... e6 8. Nc3 d5 9. Ne5 Nbd7 10. Bg5 h6 11. Bf4 g5 12. Nxd7 Nxd7 13. Bd2 c6 14. cxd5 cxd5 15. e3 {1-0 (40) Rodshtein,M (2687)-Van Foreest,J (2615) Douglas 2016}) 8. d5 b5 9. e4 bxc4 10. Nc3 {LiveBook: 3 Games} e6 {[%cal Re6d5]} 11. Nd2 {[%cal Bf3d2,Bd2c4,Bc4a5,Ba5c6][%mdl 32]} exd5 12. exd5 Na6 {[%cal Bb8a6,Ba6c7,Bc7b5,Bb5d4,Bd4c6,Bc6e5,Be5d3][%mdl 32]} 13. a3 $1 d6 14. Nxc4 Nc7 $1 15. Na5 $146 ({Predecessor:} 15. Rd1) 15... Ba6 16. Re1 $36 {[%mdl 2048] White has the initiative.} Nb5 17. Nc6 Nd4 18. Qa4 Qb6 19. Bf4 Bd3 20. Bxd6 (20. Qd1 $5 {[%cal Rd1d3]} Bc2 21. Qd2 $16) 20... Ng4 (20... Qxb2 $14 21. Bxf8 (21. Nxd4 cxd4 22. Bxf8 Rxf8 $14) 21... Rxf8 22. Nxd4 cxd4 23. Qxd4 Ne4) 21. Bxf8 $16 Rxf8 22. Ra2 (22. Nd1 $1 $16) 22... Nxc6 23. Qxg4 Ne5 24. Qd1 (24. Qf4 $16 Bc4 25. Raa1 (25. Rxe5 Bxa2 26. Nxa2 Qxb2 $16) 25... Qxb2 26. Na4) 24... Bc4 $14 25. Ra1 Nd3 $1 26. Qc2 (26. Bf1 $5 {[%cal Rf1d3]} Nxe1 27. Bxc4 Qxb2 28. Qxe1 Bxc3 29. Rb1 $14) 26... Nxe1 (26... Bd4 $5 {[%cal Rd4f2]} 27. Re2 Qxb2 28. Qxb2 Nxb2 $14) 27. Rxe1 Rb8 28. Na4 (28. Ne4 $14 Bxd5 29. Nxc5) 28... Qb5 $11 29. Bf1 Bxf1 $1 30. Rxf1 Bd4 ({Better is} 30... Rd8 $1 $11) 31. Re1 Kf8 32. d6 (32. Re2 $14) 32... Rd8 33. Nc3 Qb6 34. Ne4 Qxb2 35. Qc4 (35. Qxb2 $11 Bxb2 36. Rb1) 35... Rxd6 $1 $17 36. Re2 (36. Rf1 $17 Rd8 37. Nxc5) 36... Qb1+ $19 37. Kg2 Re6 $2 (37... Qb7 $1 $17 38. f3 Re6) 38. Qd5 (38. Nxc5 $11 {was the only way to keep the balance.} Rxe2 39. Nd7+ Ke7 40. Qxe2+ Kd6 41. Qa6+ Ke7 42. Qe2+ Kd6 43. Qa6+ Ke7 44. Qe2+) 38... Kg7 (38... Qb5 $1 $17 {[%cal Rb5e2]} 39. Rc2 Qc6 40. Qxc6 Rxc6) 39. Ng5 (39. Nd6 $11 {keeps the balance.}) 39... Rxe2 40. Qxf7+ Kh6 41. Qf8+ Bg7 42. Qf4 {[%cal Rf4h4] [#]} Rxf2+ $1 43. Qxf2 {Nf7+ would kill now.} Qb7+ $1 ({Not} 43... Bd4 44. Qf8+ Bg7 45. Nf7+ Kh5 46. Qxc5+ (46. Qxg7 Qc2+ 47. Kh3 Qf5+ 48. Kg2 Qc2+ 49. Kg1 Qc1+ 50. Kg2 Qc2+ $11) 46... Qf5 47. Qc4 $16) 44. Nf3 Bd4 45. Qd2+ Kg7 46. Qf4 Bf6 47. Qa4 a6 48. Qf4 (48. g4 $17) 48... h5 (48... g5 $19 49. Qf5 c4) 49. h4 $17 Qc6 {Threatens to win with ...c4.} 50. Qc4 Qb5 $1 {[%cal Rb5c4]} 51. Qe6 $2 (51. Qe4 $17 {keeps fighting.}) 51... c4 $19 {[%cal Bc5c4,Bc4c3][%mdl 32]} 52. Ng5 {Threatening mate with Qf7+.} Qb7+ $1 53. Ne4 Bd4 54. Kf3 $2 (54. Kh2 {is the only way for White.}) 54... c3 {White must now prevent ...c2.} 55. Qd6 Qf7+ $1 56. Kg2 {[#]} (56. Ke2 $142 Qc4+ 57. Ke1) 56... Qa7 $2 (56... Qa2+ $1 $19 57. Kf3 Qc4 58. Qe7+ Qf7+ 59. Qxf7+ Kxf7) 57. Qc6 $2 {[%mdl 8192]} (57. a4 $11) 57... Qf7 $2 (57... Qe7 58. Kf3 Kh6) 58. Qd6 $1 {[%cal Rd6d4] [#]} Bf6 $2 ({Black should try} 58... Qa2+ $1 $19 59. Kf3 Qc4 60. Qe7+ Qf7+ 61. Qxf7+ Kxf7) 59. Qc6 Qa2+ (59... Qe7 $5 {[%cal Rf6d4]} 60. Nxc3 Qxa3 $15) 60. Kf3 $2 {[%mdl 8192]} (60. Kh3 $11 {and White stays safe.} Qf7 61. Nxc3) 60... Be5 $2 ({Black should play} 60... Bd4 $19 {Hoping for ...Qb3.} 61. a4 c2) 61. Ng5 {Precision: White = 31%, Black = 44%.} 1/2-1/2

[Event "EICC 2017"]
[Site "Minsk"]
[Date "2017.06.09"]
[Round "10"]
[White "Ter-Sahakyan, Samvel"]
[Black "Anton Guijarro, David"]
[Result "1-0"]
[WhiteElo "2598"]
[BlackElo "2660"]
[Annotator "TA"]
[PlyCount "67"]
[EventDate "2017.??.??"]
[EventCountry "BLR"]
[SourceTitle "playchess.com"]
[Source "ChessBase"]
[SourceQuality "1"]

{[%evp 26,67,23,29,31,25,39,30,41,29,57,18,23,-8,0,0,0,-4,20,0,0,0,9,0,0,0,45,58,36,57,246,208,280,194,295,310,575,646,615,611,2068,1766,29996,29997]} 1. e4 e5 2. Nf3 Nc6 3. Bb5 a6 4. Ba4 Nf6 5. O-O Be7 6. Re1 b5 7. Bb3 d6 8. c3 O-O 9. h3 Na5 10. Bc2 c5 11. d4 Nd7 12. a4 b4 {C96: Closed Ruy Lopez: Chigorin Defence: 11 d4, replies other than 11...Qc7} (12... exd4 13. axb5 axb5 14. cxd4 b4 15. Nbd2 Nb6 16. Nf1 c4 17. Ne3 d5 18. exd5 Bb7 19. Ne5 Nxd5 20. N3xc4 Nxc4 21. Rxa8 Bxa8 {1-0 (28) Sasikiran,K (2669)-Piorun,K (2638) Matanzas 2017}) 13. cxb4 cxb4 14. Nbd2 {LiveBook: 8 Games} Bb7 {White has an edge.} 15. Nf1 exd4 16. Nxd4 g6 17. Ne3 Ne5 $146 ({Predecessor:} 17... Rc8 18. Bd2 Qb6 19. Nb3 Nf6 20. Nxa5 Qxa5 {½-½ (56) Kharlamov,V (2492)-Lednev,V (2453) ICCF email 2013}) 18. f4 Nec4 19. Nxc4 Nxc4 20. b3 Na3 21. Bd3 (21. Bxa3 bxa3 22. Rxa3 Bh4) 21... Re8 22. Nf3 (22. Qd2 $5 {[%cal Rd2b4]} a5 23. Bb2 $14 (23. Bxa3 bxa3 24. Bb5 Rf8 $15)) 22... Bf6 23. Ra2 Bc3 24. Rae2 Bxe1 25. Qxe1 Rc8 {aiming for ...Rc3.} 26. Bb2 $36 {[%mdl 2048] White is more active.} d5 {...dxe4 is the strong threat.} 27. e5 {[#]} d4 $2 (27... Nc4 $1 $14 {[%mdl 512]}) 28. Nxd4 $18 ({Less strong is} 28. Qxb4 Bxf3 29. gxf3 a5 $14) 28... a5 29. Kh2 Qb6 (29... Bd5 $142) 30. f5 {[%cal Bf4f5,Bf5f6][%mdl 32]} Ba6 $2 (30... Rc3 31. Bxc3 bxc3) 31. Bxa6 Qxa6 32. f6 h5 33. Qd2 {Intending Qh6 and mate.} Kh7 {[#]} 34. Nf5 $1 {[%mdl 512] Precision: White = 64%, Black = 17%.} 1-0

[Event "EICC 2017"]
[Site "Minsk"]
[Date "2017.06.09"]
[Round "10"]
[White "Lopez Martinez, Josep Manuel"]
[Black "Riazantsev, Alexander"]
[Result "0-1"]
[WhiteElo "2597"]
[BlackElo "2659"]
[Annotator "TA"]
[PlyCount "94"]
[EventDate "2017.??.??"]
[EventCountry "BLR"]
[SourceTitle "playchess.com"]
[Source "ChessBase"]
[SourceQuality "1"]

{[%evp 20,94,0,-47,0,-66,-58,-63,-37,-145,-39,0,-69,-39,-34,-21,-10,-27,-11,-131,-120,-137,-88,-97,-80,-168,-172,-179,-180,-195,-168,-158,-167,-175,-160,-210,-177,-200,-163,-181,-114,-139,-141,-306,-279,-305,-287,-469,-475,-480,-451,-472,-439,-447,-433,-586,-573,-536,-440,-605,-563,-679,-637,-744,-814,-812,-831,-840,-817,-817,-828,-1008,-1002,-1956,-1750,-1975,-1952]} 1. e4 c6 2. d4 d5 3. e5 Bf5 4. h4 h5 5. Bd3 Bxd3 6. Qxd3 e6 7. Bg5 {B12: Caro-Kann: Advance Variation} Qb6 (7... Be7 8. Nf3 Nh6 9. Nc3 Nf5 10. Ne2 c5 11. dxc5 Qa5+ 12. c3 Qxc5 13. Bxe7 Kxe7 14. Ned4 Nxd4 15. Nxd4 {0-1 (32) Adams,M (2761)-Svidler,P (2741) Shenzhen 2017}) 8. Nd2 c5 9. c4 Qxb2 10. Rb1 Qxd4 11. Qe2 {LiveBook: 3 Games} Qg4 12. Ngf3 ({Better is} 12. Rxb7 $11 Qxe2+ 13. Nxe2) 12... b6 $1 $15 13. Qd3 $146 ({Predecessor:} 13. O-O d4 14. Qd1 Be7 15. Qa4+ Nd7 16. Rxb6 Bxg5 17. Rb7 Rd8 18. Nxg5 Nh6 19. Rfb1 {1-0 (19) Kislinsky,A (2462)-Rojicek,V (2412) Czech Republic 2015}) 13... Ne7 14. O-O (14. Bxe7 $1 $15 Bxe7 15. cxd5) 14... Nd7 (14... Nbc6 $17 15. Bxe7 Bxe7 16. cxd5 exd5 17. Qxd5 Rh6) 15. Rfe1 Qf5 16. Qa3 f6 17. exf6 gxf6 18. Qa4 $1 {aiming for Bxf6!} Rd8 19. Rb3 {[#]} (19. Nf1 $11) 19... Bg7 $1 $17 20. cxd5 Nxd5 21. Ne4 {Strongly threatening Nd6+.} O-O 22. Ng3 (22. Bc1 $17 {was necessary.}) 22... Qc2 $19 23. Rc1 Qg6 24. Bd2 a5 25. Qc6 Rfe8 26. Re1 Nf8 27. Ne4 Re7 28. Qb5 Qe8 29. Qc4 a4 ({Black should try} 29... Red7 $19 30. Nc3 Nb4) 30. Rd3 Rc7 31. Ng3 $2 (31. Nc3 $17 {was called for.} Nxc3 32. Rxd8 Qxd8 33. Bxc3) 31... b5 32. Qe4 {[#] Black must now prevent Rxd5!} Qf7 33. Ba5 $2 (33. Ra3 {is the only way for White.} Rb8 34. Qb1) 33... f5 {Black is clearly winning.} 34. Qe2 {Threatens to win with Ng5.} Nf4 $1 {[%csl LRd3,LRe2]} 35. Rxd8 Nxe2+ 36. Rxe2 {And now Ng5 would win.} Rd7 37. Rc8 Rd1+ 38. Kh2 Qa7 39. Bd2 b4 {[%cal Bb5b4,Bb4b3,Bb3b2][%mdl 32]} 40. Rxe6 Qd7 41. Ree8 Rxd2 42. Nxd2 Qxd2 43. Rxc5 Qxa2 44. Rxf5 b3 {Hoping for ...b2.} 45. Nxh5 b2 46. Re7 Ne6 ({Less strong is} 46... Be5+ 47. Rfxe5 Qf7 48. Rxf7 $17) 47. Re8+ Kh7 {Precision: White = 37%, Black = 74%.} 0-1

[Event "EICC 2017"]
[Site "Minsk"]
[Date "2017.06.09"]
[Round "10"]
[White "Bogdanovich, Stanislav"]
[Black "Kjartansson, Gudmundur"]
[Result "1-0"]
[WhiteElo "2596"]
[BlackElo "2437"]
[Annotator "TA"]
[PlyCount "75"]
[EventDate "2017.??.??"]
[EventCountry "BLR"]
[SourceTitle "playchess.com"]
[Source "ChessBase"]
[SourceQuality "1"]

{[%evp 14,75,41,41,51,44,41,45,57,68,68,69,54,59,84,66,68,70,64,54,64,61,63,60,87,80,112,96,110,108,111,114,107,98,138,138,131,122,116,132,145,137,141,118,210,220,259,266,301,305,303,287,359,356,360,360,351,346,324,335,412,415,416,411]} 1. Nc3 e5 2. Nf3 Nc6 3. d4 exd4 4. Nxd4 Nf6 5. Bg5 Bb4 6. Nxc6 {A00: Irregular Openings} Bxc3+ (6... bxc6 7. Qd4 Be7 8. e4 d6 9. O-O-O O-O 10. e5 Ne8 11. h4 Be6 12. Bd3 d5 13. f4 f6 14. exf6 Bxf6 {1-0 (23) Andreikin,D (2720)-Mozharov,M (2573) Moscow 2015}) 7. bxc3 bxc6 8. Qd4 {LiveBook: 6 Games. White is slightly better.} Qe7 9. e3 c5 $146 ({Predecessor:} 9... h6 10. Bxf6 Qxf6 11. Rb1 d5 12. Bd3 Qxd4 13. cxd4 Ke7 {1-0 (40) Fontana Sotomayour,L (2250)-Malo Guillen,J (2175) Aragon 1998}) 10. Qf4 h6 11. Bxf6 $1 Qxf6 12. Qxf6 gxf6 13. Rb1 d6 14. g3 c6 15. Kd2 Kd7 16. Rb3 Kc7 17. Ra3 Be6 18. Ra4 Bd5 19. Rg1 Rhb8 20. Bd3 Rb2 21. Rf4 Rxa2 22. Rxf6 Rh8 23. Rb1 Be6 24. Bg6 Rf8 25. Bf5 Bxf5 26. Rxf5 $16 {[%mdl 4096] Endgame KRR-KRR} Ra4 27. Rf6 h5 28. h4 Re4 (28... a5 $16 {is a better defense.}) 29. Ra1 $18 Kb6 30. Rxd6 Re5 31. c4 Kc7 32. Rh6 Rd8+ 33. Ke2 Kb6 34. Rf6 Rd7 35. Rb1+ Kc7 36. Rd1 Ree7 37. Ra1 Kb6 38. Rf5 {Precision: White = 99%, Black = 55%.} 1-0

[Event "EICC 2017"]
[Site "Minsk"]
[Date "2017.06.09"]
[Round "10"]
[White "Buhmann, Rainer"]
[Black "Froewis, Georg"]
[Result "1-0"]
[WhiteElo "2596"]
[BlackElo "2432"]
[Annotator "TA"]
[PlyCount "81"]
[EventDate "2017.??.??"]
[EventCountry "BLR"]
[SourceTitle "playchess.com"]
[Source "ChessBase"]
[SourceQuality "1"]

{[%evp 15,81,20,25,4,23,12,18,0,16,8,12,19,16,2,5,15,43,35,35,41,45,31,44,14,18,19,18,18,68,32,51,33,29,19,33,8,22,5,10,0,0,0,0,0,14,0,33,39,36,32,29,29,35,33,62,35,33,26,47,35,80,54,131,88,181,94,879,826]} 1. c4 e6 2. g3 d5 3. Bg2 Nf6 4. Nf3 dxc4 5. Qa4+ Bd7 {[%cal Bc8d7,Bd7c6,Bc6d5][%mdl 32]} 6. Qxc4 {A13: English Opening: 1...e6} c5 7. O-O Bc6 8. Qc2 Nbd7 {LiveBook: 3 Games} 9. Nc3 Be7 10. d3 O-O 11. a4 Nd5 $146 ({Predecessor:} 11... b6 12. e4 a6 13. d4 b5 {½-½ (33) Iturrizaga Bonelli,E (2658)-Bluebaum,M (2642) Germany 2016}) 12. Nxd5 Bxd5 13. e4 Bc6 14. Be3 Rc8 15. Rfd1 Nf6 16. Ne5 Nd7 17. Nxc6 Rxc6 18. e5 Rc7 19. Qe2 Qc8 20. d4 cxd4 21. Bxd4 Bc5 22. Bc3 Rd8 23. Qb5 a6 24. Qb3 b6 25. Rd2 Nb8 26. Rad1 Rcd7 27. Be4 Rxd2 28. Rxd2 Rxd2 29. Bxd2 Qd7 30. Qc2 h6 31. a5 Bd4 32. axb6 Bxb6 33. Bb4 Qd8 34. Bd6 a5 35. Qc4 Nd7 36. Qb5 Nf8 37. Kg2 $36 {[%mdl 2048] White fights for an advantage.} Bd4 38. b3 f5 (38... g5 $14) 39. Bc6 {Hoping for Qc4.} Ng6 {[#]} (39... Qc8 $16) 40. Qc4 ({White should play} 40. Bd7 $1 $18 {[%cal Rd7e6]} Qg5 41. Bxe6+ Kh7 42. Bg8+ Kh8 43. Bd5 (43. Qxa5 Nf4+ 44. Kf1 Kxg8 $15)) 40... Nxe5 $2 {[%mdl 8192]} (40... Qc8 $16) 41. Bxe5 {Precision: White = 34%, Black = 30%.} 1-0

[Event "EICC 2017"]
[Site "Minsk"]
[Date "2017.06.09"]
[Round "10"]
[White "Pantsulaia, Levan"]
[Black "Diermair, Andreas"]
[Result "1/2-1/2"]
[WhiteElo "2594"]
[BlackElo "2474"]
[Annotator "TA"]
[PlyCount "148"]
[EventDate "2017.??.??"]
[EventCountry "BLR"]
[SourceTitle "playchess.com"]
[Source "ChessBase"]
[SourceQuality "1"]

{[%evp 23,148,-12,-9,-43,-4,-14,0,0,-4,-14,16,-7,0,0,-4,-17,-16,-20,0,-22,-28,-37,-57,-60,-58,-54,-33,-30,0,-51,0,-31,-23,-45,-18,-38,-29,-27,-31,-27,9,16,17,0,78,84,74,80,87,76,90,30,38,29,18,-24,45,49,51,52,134,73,65,87,174,131,204,135,147,54,43,42,178,190,178,183,193,172,188,188,162,9,9,0,0,0,0,0,0,0,0,0,0,0,7,0,0,0,118,24,124,40,53,0,8,0,0,0,137,68,418,33,228,0,0,0,0,0,0,0,0,0,0,0,0,0,0]} 1. c4 e6 2. Nf3 d5 3. g3 Nf6 4. Bg2 Be7 5. O-O O-O 6. Qc2 c5 7. d4 cxd4 8. Nxd4 {E06: Closed Catalan: Early deviations} e5 9. Nf5 d4 10. Nxe7+ Qxe7 11. b4 Be6 12. Nd2 Rc8 {LiveBook: 3 Games} 13. Rb1 $146 ({Predecessor:} 13. Qd3 Nc6 14. b5 Na5 15. Ba3 Qd7 {½-½ (36) Wang,Y (2725)-Karjakin,S (2756) Antalya 2013}) 13... Rc7 (13... Nd5 $5) 14. a3 Nbd7 15. Qd3 Rd8 16. e3 Nf8 (16... e4 $5 17. Qxd4 Bxc4 18. Nxc4 Nb6 $11) 17. Bb2 {[%cal Re3d4]} dxe3 18. Qxe3 Rcd7 19. Nf3 Ng4 20. Qc3 Rd3 21. Qc1 f6 22. h3 Nh6 23. Ne1 R3d7 24. c5 Bf5 25. Qc4+ Be6 26. Qc1 $1 Bf5 (26... Bd5 $15) 27. Ra1 Ne6 28. Qc4 Nf7 29. h4 Nd4 30. Bxd4 $1 Rxd4 31. Qb5 R8d7 32. Qa4 a6 33. Nc2 Rd3 (33... Bxc2 $11 34. Qxc2 Rd2) 34. Ne3 $16 Be6 35. c6 bxc6 36. Qxa6 Nd8 37. Rfd1 (37. Rfc1 $16) 37... R3d4 $1 $11 38. Rdc1 f5 39. Qe2 Rd2 (39... f4 $1 $11 40. Nf1 Bd5) 40. Qe1 $14 e4 41. Rd1 R2d3 (41... R2d4 $1 $14) 42. Bf1 $16 Rxd1 43. Rxd1 Ra7 (43... Rxd1 $16 {is a better defense.} 44. Qxd1 Nf7) 44. Qc3 $1 $18 Nf7 (44... g6 $16) 45. Be2 h6 46. Nc2 (46. Qxc6 $16 Rxa3 47. Bc4 Bxc4 48. Nxc4) 46... f4 $14 47. Nd4 e3 (47... Bd7 $14) 48. Nxc6 $18 exf2+ 49. Kxf2 fxg3+ 50. Qxg3 Qf6+ 51. Kg1 Ra8 52. Nd4 $2 ({Better is} 52. Rf1 $18 Bf5 53. Qf3 Qg6+ 54. Kh1) 52... Bd5 $11 53. Nb5 Bb7 54. Bc4 Kh8 $1 55. Bxf7 Qxf7 56. Nd6 Qc7 57. Rf1 Qb6+ 58. Kh2 Bd5 $1 59. Qe5 (59. Nf5 $5 {[%cal Rg3g7]} Qf6 60. Ne3 $14) 59... Qc6 {( -> ...Qc2+)} 60. Rf2 {Strongly threatening Nf5.} Bg8 (60... Rxa3 $11 61. Nf5 Qc3 62. Qxc3 Rxc3) 61. Rg2 ({White should play} 61. Nf5 $1 $16 {[%csl Gf5][%cal Re5g7]} Ra7 62. b5) 61... Ra7 (61... Qc7 $1 $11 {keeps the balance.}) 62. b5 (62. Ne8 $16 {[%cal Rg2g7]} Qe6 63. Qxe6 Bxe6 64. Re2) 62... Qc7 $14 63. Rg3 (63. Qd4 $14 Rb7 64. a4) 63... Ra4 $132 {[%mdl 2048] Black puts up resistance} 64. Kh3 {Black must now prevent b6!} Qd7+ 65. Kg2 Be6 {[#]} (65... Rg4 $11 {remains equal.}) 66. h5 (66. Rg6 $1 $16 {[%cal Rg6e6]} Bh3+ 67. Kf2) 66... Qe7 $2 {[%mdl 8192]} ({Black should try} 66... Bg8 $1 $14) 67. Kf2 $2 (67. b6 $18 {And now b7 would win.} Rh4 68. Kg1 Rxh5 69. Rxg7 Qxg7+ 70. Qxg7+ Kxg7 71. b7 Rh1+ 72. Kxh1 Bd5+ 73. Kh2 Bxb7 74. Nxb7) 67... Qa7+ $2 {[#]} (67... Qf8+ $1 $14 68. Rf3 Qe7) 68. Re3 $2 (68. Ke1 $1 $18 {aiming for b6.} Rg4 69. Rxg4 Bxg4 70. Qe8+ Kh7 71. Qe4+ Kh8 72. Qe8+ (72. Qxg4 Qe3+ 73. Kf1 Qc1+ 74. Kf2 Qc5+ 75. Kg2 Qxd6 $18) 72... Kh7 73. Qg6+ Kg8 74. Qxg4 Qe3+ 75. Qe2 Qg3+ 76. Kf1 Qh3+ 77. Kf2 Qh2+ 78. Ke3 Qxd6 79. Qc4+ Kh8 80. a4) 68... Bg8 $11 {The position is equal.} 69. Nf5 {Threatens to win with Qe7.} Rxa3 70. b6 Ra2+ 71. Kg3 Qb7 {Hoping for ...Qg2+.} 72. Rf3 Ra6 73. Ne7 Qxb6 74. Ng6+ Kh7 {Precision: White = 39%, Black = 45%.} 1/2-1/2